00359nam a22001337a 4500003000500000005001700005008004100022020001500063050002100078100002100099245004600120260003400166300002500200PILC20150904104628.0150904b xxu||||| |||| 00| 0 eng d a0345358074 aPZ 7b.H199 1990 aHambly, Barbara. aThe dark hand of magic /cBarbara Hambly. aUSA :bA Del Rey Book,c1990. a309 pages ;c19 cm.